|
|
|
|
| LEADER |
01007nam a2200241 a 4500 |
| 001 |
3638181 |
| 008 |
100506s1974 fr b i000 0 eng d |
| 010 |
|
|
|a 75305250
|
| 020 |
|
|
|a 9231012150
|
| 040 |
|
|
|a DLC
|c DLC
|d DLCBD-DhAAL
|
| 082 |
0 |
0 |
|a 370/.955
|2 17
|
| 100 |
1 |
|
|a Ayman, Iraj.
|
| 245 |
1 |
0 |
|a Educational innovation in Iran :
|b study prepared for the Asian Centre of Educational Innovation for Development /
|c by Iraj Ayman.
|
| 260 |
|
|
|a Paris :
|b Unesco Press,
|c 1974.
|
| 300 |
|
|
|a v, 35 p. ;
|c 21 cm.
|
| 490 |
1 |
|
|a Experiments and innovations in education : Asian series ; no. 10
|
| 504 |
|
|
|a Includes Bibliography (p. 33-35.)
|
| 541 |
1 |
|
|e 00000904
|
| 650 |
|
0 |
|a Education
|z Iran.
|
| 710 |
2 |
|
|a Asian Centre of Educational Innovation for Development.
|
| 852 |
4 |
|
|a Ayesha Abed Library
|j General shelf
|
| 999 |
|
|
|c 8432
|d 8432
|
| 952 |
|
|
|0 0
|1 0
|2 ddc
|4 0
|6 370_955000000000000_AYM_1974
|7 0
|9 9896
|a BRACUL
|b BRACUL
|c GEN
|d 2010-05-06
|g 0.00
|l 0
|o 370.955 AYM
|p 3010000904
|r 2010-05-06
|t 1
|w 2010-05-06
|y BK
|z Not price in Register
|